[Event "Antwerp League-ch Series A"]
[Site "Antwerp"]
[Date "1994.01.30"]
[Round "6"]
[White "Croonenborghs, Tom"]
[Black "Segers, Koen"]
[Result "1-0"]
[WhiteElo "1880"]
[BlackElo "1974"]
[PlyCount "47"]
[EventDate "1993.09.26"]
[EventType "tourn"]
[EventRounds "9"]
[EventCountry "BEL"]
[SourceTitle "EXT 2021"]
[Source "ChessBase"]
[SourceDate "2020.10.23"]
[SourceVersion "1"]
[SourceVersionDate "2020.10.23"]
[SourceQuality "1"]

1. e4 Nf6 2. e5 Nd5 3. d4 d6 4. c4 Nb6 5. f4 dxe5 6. fxe5 Nc6 7. Be3 Bf5 8. Nc3 e6 9. Nf3 Be7 10. d5 exd5 11. cxd5 Nb4 12. Nd4 Bd7 13. e6 fxe6 14. dxe6 Bc6 15. Qg4 Bh4+ 16. g3 Bxh1 17. Bb5+ c6 18. 0-0-0 0-0 19. gxh4 Qf6 20. Bg5 Qe5 21. e7 cxb5 22. Nf5 Nc4 23. Nh6+ gxh6 24. Bf6+ 1-0

[Event "Antwerp League-ch Series A"]
[Site "Antwerp"]
[Date "1994.01.23"]
[Round "5"]
[White "Segers, Koen"]
[Black "Theys, Freddy"]
[Result "1-0"]
[WhiteElo "1974"]
[BlackElo "1897"]
[PlyCount "99"]
[EventDate "1993.09.26"]
[EventType "tourn"]
[EventRounds "9"]
[EventCountry "BEL"]
[SourceTitle "EXT 2021"]
[Source "ChessBase"]
[SourceDate "2020.10.23"]
[SourceVersion "1"]
[SourceVersionDate "2020.10.23"]
[SourceQuality "1"]

1. e4 c6 2. d4 d5 3. Nc3 dxe4 4. Nxe4 Nd7 5. Bc4 Ngf6 6. Ng5 e6 7. Qe2 Nb6 8. Bd3 h6 9. N5f3 c5 10. dxc5 Bxc5 11. Ne5 0-0 12. Ngf3 Nbd7 13. Bf4 Nxe5 14. Bxe5 Bd7 15. 0-0 Bc6 16. Rad1 Qe7 17. Nd4 Bxd4 18. Bxd4 Rfd8 19. c3 a6 20. f4 Rd7 21. f5 exf5 22. Qxe7 Rxe7 23. Bxf6 gxf6 24. Bxf5 Re2 25. Rf2 Rae8 26. Bg4 Re1+ 27. Rxe1 Rxe1+ 28. Rf1 Rxf1+ 29. Kxf1 Kg7 30. Bf5 h5 31. g3 Kf8 32. Kf2 Ke7 33. Ke3 Kd6 34. Kd4 b6 35. b4 Bf3 36. c4 a5 37. bxa5 bxa5 38. Be4 Bg4 39. c5+ Kc7 40. Kc4 Be2+ 41. Bd3 Bd1 42. Kb5 a4 43. Bc4 a3 44. Bxf7 Be2+ 45. Kb4 Kc6 46. Be8+ Kd5 47. c6 Kd6 48. Kxa3 h4 49. Kb4 hxg3 50. hxg3 1-0

[Event "Antwerp League-ch Series A"]
[Site "Antwerp"]
[Date "1993.12.??"]
[Round "4"]
[White "Luyckx, Wim"]
[Black "Segers, Koen"]
[Result "1-0"]
[WhiteElo "1975"]
[BlackElo "1974"]
[PlyCount "90"]
[EventDate "1993.09.26"]
[EventType "tourn"]
[EventRounds "9"]
[EventCountry "BEL"]
[SourceTitle "EXT 2021"]
[Source "ChessBase"]
[SourceDate "2020.10.23"]
[SourceVersion "1"]
[SourceVersionDate "2020.10.23"]
[SourceQuality "1"]

1. e4 Nf6 2. e5 Nd5 3. c4 Nb6 4. c5 Nd5 5. Bc4 e6 6. Nc3 Nxc3 7. dxc3 Nc6 8. Bf4 Bxc5 9. Qg4 g5 10. Bxg5 Rg8 11. Nh3 Be7 12. f4 Nxe5 13. fxe5 Bxg5 14. Qh5 Rg7 15. 0-0 Qe7 16. Rf3 Qc5+ 17. Kh1 Qxe5 18. Raf1 Bf6 19. Qh6 Be7 20. Bd3 b6 21. Be4 d5 22. Bxh7 Bb7 23. Rxf7 Bd6 24. Ng1 Rxf7 25. Bg6 0-0-0 26. Bxf7 Rh8 27. Qxe6+ Kd8 28. Qxe5 Bxe5 29. Nf3 Bd6 30. Rd1 d4 31. Rd2 Ke7 32. Bg6 dxc3 33. bxc3 Kf6 34. Bc2 Re8 35. Rf2 Bc5 36. Nd4+ Kg7 37. Re2 Rh8 38. Ne6+ Kf6 39. Nxc5 bxc5 40. Kg1 Rh4 41. g3 Rc4 42. Re3 Rg4 43. Bd1 Rg8 44. Bb3 Rd8 45. Re6+ Kf5 1-0